George Canning.

Saved in:
Bibliographic Details
Main Author: Petrie, Charles, Sir, 1895-
Format: Book
Language:English
Published: London : Eyre & Spottiswoode, [1946]
Edition:[2nd ed.]
Subjects:
LEADER 00796nam a2200217ra 4500
001 c000368673
003 CARM
005 00000000000000.0
008 851211s1946 enk 00000 eng d
019 1 |a 22007089  |z 4241181  |5 LACONCORD2021 
035 |a (OCoLC)220302673  |5 LACONCORD2021 
100 1 |a Petrie, Charles,  |c Sir,  |d 1895- 
245 1 0 |a George Canning. 
250 |a [2nd ed.] 
260 |a London :  |b Eyre & Spottiswoode,  |c [1946] 
300 |a 255 p. 
600 1 0 |a Canning, George,  |d 1770-1827. 
651 0 |a Great Britain  |x Politics and government  |y 1800-1837. 
852 8 |b CARM  |h A1:AN02A0  |i B08371  |p 0406069  |f BK 
999 f f |i 01fcb81a-f822-59c7-938e-7cbc72cdef18  |s 0778fbe0-4d02-5b9f-91e5-b9431e25f2b8 
952 f f |p Can circulate  |a CAVAL  |b CAVAL  |c CAVAL  |d CARM 1 Store  |e B08371  |f A1:AN02A0  |h Other scheme  |i book  |m 0406069